| 000 | 01064cam a22003257a 4500 | ||
|---|---|---|---|
| 003 | CHAP | ||
| 005 | 20220329140334.0 | ||
| 008 | 971013s1984 r 00010 d | ||
| 010 | _a50649 | ||
| 011 | _a51621 | ||
| 035 | _a55771 | ||
| 040 | _cCHAP | ||
| 082 |
_a581.135 _bV5 |
||
| 100 | 0 | 0 |
_aVince-Prue, Daphne. _9119826 |
| 245 | 0 |
_aLight and the flowering process _b: proceedings of the international Symposium... |
|
| 260 |
_aLondon : _bAdemy Press, _c1984 |
||
| 300 |
_a301 p. _b; gráfs. |
||
| 590 |
_aBATCH-UPD _b10 _c20130110 _lUCH01 _h0543 |
||
| 590 |
_aBATCH-UPD _b10 _c20130110 _lUCH01 _h2356 |
||
| 590 |
_aBATCH-UPD _b10 _c20130410 _lUCH01 _h0224 |
||
| 590 |
_aBATCH-UPD _b10 _c20130914 _lUCH01 _h0954 |
||
| 590 |
_aCONVERSION _b10 _c20130109 _lUCH01 _h1327 |
||
| 650 | 1 | 4 |
_aLuz _xEfecto en plantas. _969241 |
| 650 | 1 | 4 |
_aPlantas _xFloración. _988841 |
| 700 | 0 |
_aCockshull, K. E. _eed. _924233 |
|
| 700 | 0 |
_aThomas, Bryan. _9112811 |
|
| 901 | _aBK | ||
| 942 | _cLIBRO | ||
| 949 |
_a581.135 V5 _bBC _cLIBRO _d33724000544417 _eLIBRO _gI.132352 _h68934 _i55771 _mDir _si |
||
| 999 |
_c50649 _d50649 |
||